| 000 | 00489nam a2200169Ia 4500 | ||
|---|---|---|---|
| 999 |
_c8 _d8 |
||
| 003 | OSt | ||
| 005 | 20201223121544.0 | ||
| 008 | 190216s9999||||xx |||||||||||||| ||und|| | ||
| 040 | _coclc | ||
| 082 |
_a297.122594812 _bSUL/A |
||
| 100 |
_aSullami, A Abdussalam _91851 |
||
| 245 | 0 |
_aAmma Jusu / _cA Abdussalam Sullami |
|
| 260 |
_bAyyooby Book House, _c1998. _aCalicut: |
||
| 300 | _a160p | ||
| 650 | _aArabic | ||
| 942 |
_cBK _2ddc _h297.122594812 _iSUL/A _k297.122594812 _mSUL/A |
||